The making of United States foreign policy /

Bibliographic Details
Main Author: Sapin, Burton M.
Corporate Author: Brookings Institution
Format: Book
Language:English
Published: Washington : Brookings Institution, [1966]
Subjects:

MARC

Tag First Indicator Second Indicator Subfields
LEADER 00000cam a22000001 4500
001 in00000079609
005 20151008052913.0
008 711012s1966 dcua b 00010 eng
010 |a  66013626  
035 |a (OCoLC)00503694 
035 |9 AAH5384AM 
040 |a DLC  |c DLC  |d TXA  |d UtOrBLW 
043 |a n-us--- 
049 |a TXAM  |c [464405] 
050 0 0 |a JX1706  |b .S3 
082 0 |a 353.0089 
092 |a 353.0089  |b S241m 
100 1 |a Sapin, Burton M. 
245 1 4 |a The making of United States foreign policy /  |c [by] Burton M. Sapin. 
264 1 |a Washington :  |b Brookings Institution,  |c [1966] 
300 |a xi, 415 pages :  |b illustrations ;  |c 24 cm. 
336 |a text  |b txt  |2 rdacontent 
337 |a unmediated  |b n  |2 rdamedia 
338 |a volume  |b nc  |2 rdacarrier 
504 |a Bibliographical footnotes. 
651 0 |a United States  |x Foreign relations administration. 
710 2 |a Brookings Institution. 
999 |a MARS 
999 f f |s b819bf76-eb25-31f8-b700-ed67688a3112  |i e0d3709c-a9b8-3209-8680-bd92838dd337  |t 0 
952 f f |p ric  |a Texas A&M University  |b Rellis Campus  |c Joint Library Facility  |d Remote Storage  |t 0  |e JX1706 .S3  |h Library of Congress classification  |i unmediated -- volume  |m A14800799371 
998 f f |a JX1706 .S3  |t 0  |l Remote Storage